Kríza globálnych ekonomických teórií

Ekonómia - jej miesto v súčasnej spoločnosti a jej vplyv na spoločenské vzťahy. Vývoj spoločenského systému. Trh - produkt vývoja ľudskej spoločnosti. Zásahy štátu do ekonomického systému v postliberálnej spoločnosti. Rozvoj globálneho trhu. Vplyv trhových kritérií efektívnosti na stabilitu sociálne...

Descrizione completa

Salvato in:
Dettagli Bibliografici
Autore principale: Čiernik, Anton
Natura: Capitolo di libro
Lingua:slovacco
Soggetti:
Tags: Aggiungi Tag
Nessun Tag, puoi essere il primo ad aggiungerne!!

MARC

LEADER 00000naa$a2200000$$$4500
001 0009307
005 20230929115059.3
041 0 |a slo 
044 |a SK 
245 1 0 |a Kríza globálnych ekonomických teórií  |c aut. Anton Čiernik 
520 |a Ekonómia - jej miesto v súčasnej spoločnosti a jej vplyv na spoločenské vzťahy. Vývoj spoločenského systému. Trh - produkt vývoja ľudskej spoločnosti. Zásahy štátu do ekonomického systému v postliberálnej spoločnosti. Rozvoj globálneho trhu. Vplyv trhových kritérií efektívnosti na stabilitu sociálneho systému. Európska integrácia - východisko pre rozvoj novej ekonomickej filozofie. 
610 2 0 |a ekonómia 
610 2 0 |a teórie ekonomické 
610 2 0 |a kríza hospodárska 
610 2 0 |a kríza sociálna 
610 2 0 |a trh 
610 2 0 |a spoločnosť 
610 2 0 |a spoločnosť kapitalistická 
610 2 0 |a spoločnosť postkapitalistická 
610 2 0 |a štát 
610 2 0 |a hospodárstvo trhové 
610 2 0 |a integrácia 
100 1 |a Čiernik, Anton